000 01054naa a22002897a 4500
001 BR8106336
003 BR-BrBNA
005 20240918174951.0
007 ta
008 230509b bl.||||| |||| 00| 0 por d
040 _aBR-BrBNA
_bpor
_cBiblioteca Nacional de Agricultura
041 _a(Pt)
072 _aM40; L40
_b5140
_bG514
090 _aM40 BR8106336
100 1 _aSilva, S.L. de O.
100 1 _aMenezes, R.S. de
245 1 _aAlimentacao de curvina, Plagioscion Squamosissimus (Heckel, 1840)da lagoa de Nazare, Piaui (Actinopterygii, Sciaenidae)[Brasil]
260 3 _aFortaleza, CE (Brasil):
_c1981.
500 _a2. Coletanea de trabalhos tecnicos. Pesca e piscicultura Fortaleza, CE (Brasil): 1981. p. 403-415 (BR8106336-AM)M40
650 _aNUTRICAO ANIMAL
650 _aPEIXE
650 _aCORVINA
650 _aAPARELHO DIGESTIVO
773 0 _t2. Coletanea de trabalhos tecnicos. Pesca e piscicultura
_wM40 BR8106336
_gFortaleza, CE (Brasil), 1981. p. 403-415
909 _a202404
_bLucia
_c55
_dLucia Elande
942 _cAM
_2AGRIS
999 _c314404
_d314404